Sports Quiz

Random Sports or NFL Quiz

NFL 100 Passing TDs with 1 Team Quiz Stats

 Plays Quiz Updated Jan 8, 2018

Challenge
Share
Tweet
Embed
Score 0/100 Timer 10:00
4 Plays Today
Years with Team Player % Correct
98-10/ColtsPeyton Manning
99%
00-17/PatriotsTom Brady
98.9%
04-17/GiantsEli Manning
98.9%
12-15/BroncosPeyton Manning
98.4%
71-82/SaintsArchie Manning
98.1%
92-07/PackersBrett Favre
97.8%
83-99/DolphinsDan Marino
97%
06-17/SaintsDrew Brees
96.8%
83-98/BroncosJohn Elway
95.5%
79-92/49ersJoe Montana
94.6%
04-17/ChargersPhillip Rivers
92.9%
05-16/PackersAaron Rodgers
92.6%
87-99/49ersSteve Young
92.5%
04-16/CowboysTony Romo
91.8%
99-09/EaglesDonovan McNabb
90.2%
04-17/SteelersBen Roethlisberger
89.5%
08-17/FalconsMatt Ryan
86.7%
98-03/RamsKurt Warner
86.1%
05-09/CardinalsKurt Warner
86.1%
56-72/ColtsJohnny Unitas
85.4%
70-83/SteelersTerry Bradshaw
85.2%
86-96/BillsJim Kelly
85.2%
89-00/CowboysTroy Aikman
84.9%
12-17/SeahawksRussell Wilson
84.3%
93-01/PatriotsDrew Bledsoe
83.5%
12-17/ColtsAndrew Luck
83.3%
84-93/OilersWarren Moon
82.3%
08-17/RavensJoe Flacco
82.1%
09-17/LionsMatthew Stafford
81.9%
13-17/ChiefsAlex Smith
81.7%
11-17/Panthers Cam Newton
81.3%
01-10/SeahawksMatt Hasselbeck
79.3%
09-16/BearsJay Cutler
79.2%
11-17/BengalsAndy Dalton
78.3%
Years with Team Player % Correct
04-10/BengalsCarson Palmer
77.7%
14-17/RaidersDerek Carr
76.6%
73-87/ChargersDan Fouts
75.9%
95-05/TitansSteve McNair
75.7%
79-93/GiantsPhil Simms
75.3%
61-66, 72-78/VikingsFran Tarkenton
75%
67-71/GiantsFran Tarkenton
75%
99-05/VikingsDaunte Culpepper
74.5%
62-68/BrownsFrank Ryan
72.1%
69-79/CowboysRoger Staubach
70.9%
65-76/JetsJoe Namath
69.5%
84-92, 97/BengalsBoomer Esiason
68.4%
07-13/TexansMatt Schaub
68.3%
85-95/EaglesRandall Cunningham
67.7%
12-17/DolphinsRyan Tannehill
67.3%
56-71/PackersBart Starr
66.8%
03-09/PanthersJake Delhomme
65%
99-04/RaidersRich Gannon
64.6%
95-03/JaguarsMark Brunell
61.3%
01-06/ChiefsTrent Green
60.9%
99-03/49ersJeff Garcia
59.7%
02-09/RamsMarc Bulger
58.7%
67-80/DolphinsBob Griese
57.4%
74-85/RedskinsJoe Theismann
54.8%
77-86/EaglesRon Jaworski
53.8%
62-75/ChiefsLen Dawson
53.6%
70-79/RaidersKen Stabler
53%
71-86/BengalsKen Anderson
52.8%
00-05/SaintsAaron Brooks
50.5%
51-60/49ersY.A. Tittle
47.6%
85-93/BrownsBernie Kosar
46.8%
76-88/CowboysDanny White
44.9%
88-93/RedskinsMark Rypien
42.2%
80-91/SeahawksDave Krieg
41.5%
Years with Team Player % Correct
46-55/BrownsOtto Graham
40.6%
61-69/CardinalsCharley Johnson
39.1%
86-93/RamsJim Everett
36.9%
37-52/RedskinsSammy Baugh
36.4%
84-92/JetsKen O'Brien
35.2%
73-81/ColtsBert Jones
34.9%
75-90/PatriotsSteve Grogan
33.9%
64-74/RedskinsSonny Jurgensen
31.7%
76-84/SeahawksJim Zorn
31.3%
74-83/BrownsBrian Sipe
29.3%
81-88/CardinalsNeil Lomax
28.3%
60-66/OilersGeorge Blanda
27.8%
66-83/CardinalsJim Hart
26.9%
75-85/FalconsSteve Bartkowski
25.8%
67-74/RaidersDaryle Lamonica
25%
49-57/RamsNorm Van Brocklin
24.7%
77-89/VikingsTommy Kramer
24%
39-50/BearsSid Luckman
24%
60-68/CowboysDon Meredith
23.8%
57-73/49ersJohn Brodie
23%
50-58/LionsBobby Layne
22.4%
62-72/ChargersJohn Hadl
22.2%
62-72/RamsRoman Gabriel
21.5%
73-84/BillsJoe Ferguson
20.4%
76-85/PackersLynn Dickey
18.8%
71-78/RedskinsBilly Kilmer
18.3%
76-83/JetsRichard Todd
17.1%
64-70/EaglesNorm Snead
8.7%
80-88/ChiefsBill Kenney
8.5%
61-67/PatriotsBabe Parilli
7.7%
48-61/GiantsCharlie Conerly
6.6%
46-52/49ersFrankie Albert
3.3%

You're not logged in!

Compare scores with friends on all Sporcle quizzes.
OR
Log In

You Might Also Like...

Show Comments

Extras

Top Quizzes Today


Score Distribution

Your Account Isn't Verified!

In order to create a playlist on Sporcle, you need to verify the email address you used during registration. Go to your Sporcle Settings to finish the process.

Report this User

Report this user for behavior that violates our Community Guidelines.

Details: